Statistics for 25 Best Candy Bars

Click here to take the quiz!

General Stats

  • This quiz has been taken 390 times
  • The average score is 7 of 25

Answer Stats

Hint Candy % Correct
#7snickers
84%
#1Milky Way
66%
#11Kit Kat
66%
#5Twix
66%
#6Butterfinger
49%
#23 Musketeers
43%
#17Pay Day
42%
#16Baby Ruth
41%
#12Almond Joy
40%
#8Nestle Crunch
31%
#15Mounds
30%
#9100 Grand
27%
#24Mr. Goodbar
21%
#10Heath/Skor
18%
#22Hershey Bar
17%
#14Whatchamacallit
13%
#21Mars Bar
12%
#25Zero
12%
#18Take 5
10%
#19Oh, Henry
5%
#205th Avenue
5%
#23Charleston Chew
4%
#3Caramello
2%
#13Krackel
2%
#4Sky bar
1%

Score Distribution

Percentile by Number Answered

Percent of People with Each Score

Your Score History

You have not taken this quiz